000 00352 a2200157 4500
001 190923
020 _a978-85-360-0934-6
040 _cMagnum
100 _aViana, Antonio Carlos
240 1 0 _aO palhaço e a bailarina
_lpor
245 1 0 _aO palhaço e a bailarina
300 _a32
362 0 _a2007
697 _aLITERATURA INFANTO
942 _cBK
999 _c190923
_d190923